Central Library OPAC University of Rajshahi

The French Revolution : (Record no. 64243)

MARC details
000 -LEADER
fixed length control field 00676nam a2200217 a 4500
001 - CONTROL NUMBER
control field 64243
003 - CONTROL NUMBER IDENTIFIER
rucl marc code BD-RjUL
005 - DATE AND TIME OF LATEST TRANSACTION
control field 20211209081302.0
008 - FIXED-LENGTH DATA ELEMENTS--GENERAL INFORMATION
fixed length control field 170212s1997 ii a 000 0 eng d
035 ## - SYSTEM CONTROL NUMBER
System control number (BD-RjUL) 64373
040 ## - CATALOGING SOURCE
Original cataloging agency BD-RjUL
Language of cataloging BD-RjUL
Transcribing agency BD-RjUL
Modifying agency eng
041 ## - LANGUAGE CODE
Language code of text/sound track or separate title eng
082 ## - DEWEY DECIMAL CLASSIFICATION NUMBER
Edition number 23
Classification number 944.04
Author mark and year CAF 1997
100 1# - MAIN ENTRY--PERSONAL NAME
Personal name Carlyle, Thomas,
Dates associated with a name 1795-1881.
9 (RLIN) 186014
245 14 - TITLE STATEMENT
Title The French Revolution :
Remainder of title A history /
Statement of responsibility, etc. by Thomas Carlyle
260 ## - PUBLICATION, DISTRIBUTION, ETC. (IMPRINT)
Place of publication, distribution, etc. Delhi :
Name of publisher, distributor, etc. Surjeet,
Date of publication, distribution, etc. 1997
300 ## - PHYSICAL DESCRIPTION
Pagination x,372-804 p. ;
Illustrations ill. ;
Size 20 cm.
650 ## - SUBJECT ADDED ENTRY--TOPICAL TERM
Topical term or geographic name as entry element France
General subdivision History
Chronological subdivision Revolution, 1789-1799.
9 (RLIN) 188768
651 #0 - SUBJECT ADDED ENTRY--GEOGRAPHIC NAME
Geographic name France
General subdivision History
Chronological subdivision Revolution, 1789-1799.
9 (RLIN) 188768
942 ## - ADDED ENTRY ELEMENTS (KOHA)
Source of classification or shelving scheme Dewey Decimal Classification
Koha item type Books
Holdings
Lost status Source of classification or shelving scheme Damaged status Not for loan Collection code Permanent Location Current Location Shelving location Date acquired Coded location qualifier Cost, normal purchase price Total Checkouts Full call number Date last seen Copy number Koha item type
  Dewey Decimal Classification   Not For Loan Non-fiction Central Library, University of Rajshahi Central Library, University of Rajshahi Reading Room 19/06/1999 191.00 0.00   944.04 CAF 1997 12/02/2017 C-1 Books